Catálogo

Y Julia retó a los dioses : (Registro nro. 69171)

Detalles MARC
000 -LEADER
fixed length control field 01239aam a2200325 i 4500
001 - CONTROL NUMBER
control field 69171
003 - CONTROL NUMBER IDENTIFIER
control field Mx-PuUPA
005 - DATE AND TIME OF LATEST TRANSACTION
control field 20220302075618.0
008 - FIXED-LENGTH DATA ELEMENTS--GENERAL INFORMATION
fixed length control field 201117s2020 mx ||||gr|||| 00| f spa d
020 ## - INTERNATIONAL STANDARD BOOK NUMBER
International Standard Book Number 9786070766138
040 ## - CATALOGING SOURCE
Original cataloging agency Mx-PuUPA
Language of cataloging spa
Transcribing agency Mx-PuUPA
Modifying agency Mx-PuUPA
Description conventions rda
041 0# - LANGUAGE CODE
Language code of text/sound track or separate title spa
100 1# - MAIN ENTRY--PERSONAL NAME
9 (RLIN) 10946
Personal name Posteguillo, Santiago,
Dates associated with a name 1967-
Relator term autor
245 10 - TITLE STATEMENT
Title Y Julia retó a los dioses :
Remainder of title cuando el enemigo es tu propio hijo... , ¿existe la victoria? /
Statement of responsibility, etc. Santiago Posteguillo
246 18 - VARYING FORM OF TITLE
Title proper/short title Julia Domna II :
Remainder of title Y Julia retó a los dioses
250 ## - EDITION STATEMENT
Edition statement Primera edición
264 #4 - PRODUCTION, PUBLICATION, DISTRIBUTION, MANUFACTURE, AND COPYRIGHT NOTICE
Place of production, publication, distribution, manufacture Ciudad de México :
Name of producer, publisher, distributor, manufacturer Planeta,
Date of production, publication, distribution, manufacture, or copyright notice 2020
300 ## - PHYSICAL DESCRIPTION
Extent 786 páginas ;
Dimensions 23 cm
336 ## - CONTENT TYPE
Fuente rdacontent
Content type term texto
Content type code txt
337 ## - MEDIA TYPE
Source rdamedia
Media type term sin medio
Media type code n
338 ## - CARRIER TYPE
Source rdacarrier
Carrier type term volumen
Carrier type code nc
490 0# - SERIES STATEMENT
Series statement Autores Españoles Iberoamericanos
600 14 - SUBJECT ADDED ENTRY--PERSONAL NAME
Personal name Julia Domna,
Titles and other words associated with a name Emperatriz, consorte de Severo, Lucius Septimius, Emperador de Roma,
Dates associated with a name -217 -
Form subdivision Novela
650 #4 - SUBJECT ADDED ENTRY--TOPICAL TERM
Topical term or geographic name entry element Emperatrices
Geographic subdivision Roma
Form subdivision Novela
651 #4 - SUBJECT ADDED ENTRY--GEOGRAPHIC NAME
Geographic name Roma
General subdivision Historia
-- Severans,
Chronological subdivision 193-235
Form subdivision Novela
942 ## - ADDED ENTRY ELEMENTS (KOHA)
Source of classification or shelving scheme Dewey Decimal Classification
Koha item type Libro
Classification part 863.72
Item part A645
Existencias
Withdrawn status Lost status Source of classification or shelving scheme Damaged status Not for loan Collection code Home library Current library Shelving location Date acquired Source of acquisition Cost, normal purchase price Total Checkouts Total Renewals Full call number Barcode Date last seen Date last checked out Cost, replacement price Price effective from Koha item type
    Dewey Decimal Classification     General Biblioteca Karol Wojtyla Biblioteca Karol Wojtyla Sala general 09/08/2021 1 428.00 3 2 863.72 A645 2020 101760 05/01/2026 25/01/2023 428.00 09/08/2021 Libro